Advanced economic geography / (Record no. 179381)
[ view plain ]
| 000 -LEADER | |
|---|---|
| fixed length control field | 00659nam a22002057a 4500 |
| 005 - DATE AND TIME OF LATEST TRANSACTION | |
| control field | 20210610115604.0 |
| 010 ## - LCCN (DPL NO) | |
| LC control number | B-740295 |
| 020 ## - INTERNATIONAL STANDARD BOOK NUMBER | |
| International Standard Book Number | 9789380285511 |
| Terms of availability | 400.00 |
| 035 ## - SYSTEM CONTROL NUMBER | |
| System control number | B-740295 |
| 037 ## - SOURCE OF ACQUISITION | |
| Source of stock number/acquisition | GIft |
| 082 ## - DEWEY DECIMAL CLASSIFICATION NUMBER | |
| Classification number | 910.133 |
| 100 ## - MAIN ENTRY--PERSONAL NAME | |
| Personal name | Gautam, Alka |
| 245 ## - TITLE STATEMENT | |
| Title | Advanced economic geography / |
| Statement of responsibility, etc | by Alka Gautam |
| 260 ## - PUBLICATION, DISTRIBUTION, ETC. (IMPRINT) | |
| Place of publication, distribution, etc | Allahabad |
| Name of publisher, distributor, etc | Sharda Pustak Bhawan |
| Date of publication, distribution, etc | 2012 |
| 270 ## - ADDRESS | |
| Address | 11, University Road |
| City | Allahabad |
| Postal code | 211002 |
| 300 ## - PHYSICAL DESCRIPTION | |
| Extent | vi, 811p.: |
| Dimensions | 24cm(pbk) |
| Other physical details | ill. |
| 500 ## - GENERAL NOTE | |
| General note | includes bibliographical references |
| 942 ## - ADDED ENTRY ELEMENTS (KOHA) | |
| Source of classification or shelving scheme | Dewey Decimal Classification |
| Item type | English Books |
| Classification part | 910.133 |
| Call number suffix | GAU |
| Withdrawn status | Lost status | Not for loan | Collection code | Home library | Current library | Date acquired | Source of acquisition | Cost, normal purchase price | Full call number | Barcode | Copy number | Cost, replacement price | Koha item type | Public note |
|---|---|---|---|---|---|---|---|---|---|---|---|---|---|---|
| Non-fiction | Central Library | Central Library | 10/06/2021 | Gift/Eng/02-06-2021 | 400.00 | 910.133 GAU | B-740295 | 1 | 400.00 | English Books | Gift |
